000 00325 a2200157 4500
001 68442
020 _a9781108772556
040 _cAnchieta - Pituba
100 _aVincent, Daniel
240 1 0 _aOwn it 1
_leng
245 1 0 _aOwn it 1
300 _a144
362 0 _a2020
650 4 _aInglês e inglês antigo
942 _cBK
999 _c68442
_d68442